000 01043nac a22003017a 4500
001 BR9903029
003 BR-BrBNA
005 20240105122235.0
008 230509b bl.|||m| |||| 00| 0 por d
040 _aBR-BrBNA
_bpor
_cBiblioteca Nacional de Agricultura
072 _aL51
090 _a8105 BR9903029
100 1 _aResende, E.K. de
100 1 _aPereira, R.A.C.
100 1 _aAlmeida, V.L.L. de
110 1 _aCentro de Pesquisa Agropecuaria do Pantanal, Corumba, MS (Brasil)
245 1 _aPeixes herbivoros da planicie inundavel do rio Miranda, Pantanal, Mato Grosso do Sul, Brasil
260 3 _aCorumba, MS (Brasil):
_c1998.
300 _a24 p.
490 _aBoletim de Pesquisa - Centro de Pesquisa Agropecuaria do Pantanal (Brazil)
_vno. 10
_xISSN 0102-2466
500 _aSummaries (En, Pt); 20 ref.; 13 tables
650 _aPeixe de Agua Doce
650 _aAnimal Herbivoro
650 _aNutricao Animal
650 _aMato Grosso do Sul
909 _a202312
_bLúcia Elande
_c55
_dLúcia Elande
942 _2AGRIS
_n0
_cMS
999 _c289968
_d289968